Responses for show #7894 - Thursday, December 27, 2018

Contestants

Kathryn Kienholz, a retired CPA from Milltown, Wisconsin

Heath Herel, a ScrumMaster from Niantic, Connecticut

Jon Barber, an investment professional from San Francisco, California (whose 1-day cash winnings total $19,999)

Jeopardy! Round responses

CONFUSING LYRICS
AIRPORT CODES
ALLITERATIVE PEOPLE
STUCK ON EWE
"GLASS" WORKS
BOWL GAME SPONSORS
(Alex: Once-upon-a-time sponsors and current sponsors.)
    $200 16
Nirvana

Heath
    $200 11
LaGuardia

Heath
    $200 1
Barbara Bush

Kathryn
    $200 20
battering ram

Kathryn
    $200 6
magnifying glass

Heath
    $200 26
Blockbuster

Heath
    $400 17
"Tainted Love"

Triple Stumper
    $400 12
Charles de Gaulle

Jon
    $400 2
Ansel Adams

Jon
    $400 21
goats

Jon
    $400 7
hourglass

Heath
    $400 27
SeaWorld

Heath
    $600 18
"Oh! Susanna"

Kathryn
    $600 13
Mumbai (or Bombay)

Heath
    $600 3
Cassius Clay

Jon
    $600 22
Black Sheep

Jon
    $600 8
the glass ceiling

Kathryn
    $600 28
Progressive

Kathryn
    $800 19
kind

Kathryn
    $800 14
Madrid

Kathryn
    $800 4
Howard Hughes

Heath
    $800 23
the Golden Fleece

Heath
    $800 9
a looking glass

Heath
    $800 29
Bitcoin

Kathryn
    $1000 25
"Champagne Supernova"

Triple Stumper
    $1000 15
Baltimore and Washington, D.C.

Heath
    $1,000 5
(Alex: He's an alliterative person.)

John Jay

Heath
    $1000 24
William Blake

Kathryn
    $1000 10
(Kathryn: What is a glass lizard?)

glass snake

JonKathryn
    $1000 30
Redbox

Heath

Scores at the first commercial break (after clue 15):

Jon Heath Kathryn
$2,400 $5,000 $600

Scores at the end of the Jeopardy! Round:

Jon Heath Kathryn
$3,400 $7,600 $4,600

Double Jeopardy! Round responses

ON THE HEAVENLY BODY
AMERICAN LITERATURE NOBELISTS
SEND LAWYERS, GUNS & MONEY
NEWER WORDS
ALMOST PRESIDENT
(Alex: And finally, each response will contain a country in...)
INTERNATIONAL ENTERTAINMENT?
    $400 19
Mars

Heath
    $400 9
Hemingway

Kathryn
    $400 14
Mueller

Heath
    $400 3
newsjacking

Heath
    $400 28
the Electoral College

Heath
    $400 24
Chinatown

Jon
    $800 20
(Jon: What is Venus?)
(Alex: No.)
...
(Alex: Gotta go closer to the sun for [*].)

Mercury

Jon
Triple Stumper
    $800 10
Bob Dylan

Heath
    $800 15
Smith & Wesson

Heath
    $800 4
spoiler alert

Jon
    $800 23
(Jon: Who is Truman?)

Woodrow Wilson

JonKathryn
    $1200 21
Eros

Triple Stumper
    $1200 11
Pearl Buck

Triple Stumper
    $1200 16
(Heath: What is Boot Hill?)

O.K. Corral

HeathKathryn
    $1200 1
anti-fascist

Jon
    $3,800 6
(Alex: [*], next in line.)

Speaker of the House

Jon
    $1200 25
(Jon: What is There Will Be Blood?)
(Kathryn: What is Three Kings?)
(Alex: What is [*]? Remember, each response contains a country. It's INTERNATIONAL ENTERTAINMENT?. Jon, we come back to you.)

Syriana

JonKathryn
Triple Stumper
    $1600 22
Io

Jon
    $2,000 12
(Heath: I got nothing.)
(Alex: No idea?)
(Heath: No, it's escaping me.)
(Alex: It's called [*]. It's [*], so you're at $8,400. You're in second place. Go again.)

The Bluest Eye

Heath
    $1600 17
Johnnie Cochran

Heath
    $1600 2
(Jon: What is a birthquake?)

youthquake

JonHeath
    $1600 7
Coolidge

Kathryn
    $1600 26
(Alex: Less than a minute now.)

Crossing Jordan

Kathryn
    $2000 29
Pluto

Triple Stumper
    $2000 13
the Snopes family

Triple Stumper
    $2000 18
a krone

Kathryn
    $2000 5
duck

Triple Stumper
    $2000 8
Daniel Webster

Kathryn
    $2000 27
(Alex: And it was called [*] for [*] Farmer.)

Frances

Triple Stumper

Scores at the end of the Double Jeopardy! Round:

Jon Heath Kathryn
$6,800 $10,800 $13,000

[wagering suggestions for these scores]

Final Jeopardy! Round responses

COASTLINES
(Alex: One of the countries is an easy get, the other one more difficult, I feel.)
...
(Alex, to Jon: You got [*], and it looks like you were going for [*]. You're wrong with your response because it's incomplete.)
JonWhat are Chile & Pe
$2,400
HeathWhat are Chile and Peru
$4,200
KathrynWhat are Chile & Peru?
$9,000
Chile and Peru

Final scores:

Jon Heath Kathryn
$4,400 $15,000 $22,000
3rd place: $1,000 2nd place: $2,000 New champion: $22,000

Game dynamics:

Coryat scores:

Jon Heath Kathryn
$4,200 $12,800 $13,000
11 R
(including 1 DD),
4 W
21 R
(including 1 DD),
2 W
(including 1 DD)
16 R,
2 W

Combined Coryat: $30,000

The J! Archive is created by fans, for fans. The Jeopardy! game show and all elements thereof, including but not limited to copyright and trademark thereto, are the property of Jeopardy Productions, Inc. and are protected under law. This website is not affiliated with, sponsored by, or operated by Jeopardy Productions, Inc. Join the discussion at JBoard.tv.